| 000 | 00581nam a22002297a 4500 | ||
|---|---|---|---|
| 005 | 20250219141034.0 | ||
| 008 | 160929b2015 xxu||||| |||| 00| 0 spa d | ||
| 020 | _a9789977238197 | ||
| 041 | _aESP | ||
| 082 | _aR 467.972.86 G134d4 | ||
| 100 | _aGagini, Carlos | ||
| 245 | _aDiccionario de costarriqueñismos | ||
| 250 | _a4 Edición | ||
| 260 |
_aCosta Rica _bCosta Rica _c2015 |
||
| 300 | _a304 páginas | ||
| 650 | _aCOSTA RICA | ||
| 650 | _aESPAÑOL | ||
| 650 | _aBARBARISMOS | ||
| 650 | _aCOSTARRIQUEÑISMOS | ||
| 650 | _aNOMBRES GEOGRÁFICOS | ||
| 942 |
_cREF _2ddc |
||
| 999 |
_c8456 _d8456 |
||